000 01214nam a2200301 a 4500
001 000003042
003 DO-SdBPM
005 20251121091646.0
007 ta
008 090706s2003 dr ab 000 0 spa d
020 _a9993425478
040 _aDO-SdBPM
_bspa
_cBPMSU
_erda
082 4 _a333.95554
_bH565i 2003
_222
100 1 _aHerrera Moreno, Alejandro
_eautor
_4aut.
245 1 0 _aInvestigaiones ecológico-pesqueras de la langosta panulirus argus en la plataforma dominicana / :
_bAlejandro Herrera Moreno, Liliana Betancourt Fernández.
264 _aSanto Domingo :
_bInstituto Tecnológico de Santo Domingo,
_c2003.
300 _a133 páginas :
_bilustraciones , mapa ;
_c22 cm.
336 _atexto
_btxt
_2rdacontent
337 _asin mediación
_bn
_2rdamedia
338 _avolumen
_bnc
_2rdacarrier
504 _aIncluye referencias bibliográficas y notas al pie de las páginas.
590 _aInventariado, 2025/VM
650 7 _aIndustria pesquera
_zRepública Dominicana
_xInvestigaciones
650 7 _aLangostas (crustáceos)
_xInvestigaciones
_zRepública Dominicana
700 1 _aBetancourt Fernández, Liliana
_eautor
910 _aVMateo V. Control de calidad. BPMSU
942 _2ddc
_cBK
999 _c8172
_d8172